000 00610nam a2200205Ii 4500
001 5385
003 CO-ViMGA
008 241108s9999||||xx |||||||||||||| ||und||
040 _aCO-ViMGA
_bspa
_erda
_cCO-ViMGA
041 0 _aunk
082 0 4 _a813-C145r
100 1 _aErskine Caldwell
_946604
245 1 0 _aMuerte lenta, la casa de la colina
264 1 _a[Lugar de publicación no identificado] : Ediciones G.P., 1969
300 _avolumen
336 _atext
_btxt
_2rdacontent
337 _aunmediated
_bn
_2rdamedia
338 _avolume
_bnc
_2rdacarrier
940 _aidficha_siabuc: 5242. -- ficha_no_siabuc:5385
999 _c51381
_d51381